000 00329nab a22001097u 4500
008 130520b1986 xxu||||| |||| 00| 0 spa d
041 _aspa
100 1 _aCorecco, Eugenio
_943928
245 0 0 _aFundamentos eclesiólogos del Código
_cEugenio Corecco
773 0 _tConcilium
_gV.1,1986,págs.319-331
_x0210-1041
_wRev134
942 _cAR
999 _c355183
_d355183